000 00856nam a2200205 a 4500
001 000027182
005 20240409073641.0
008 110330t1956 dr c 001 0dspa d
040 _aDO-SdBNP
_bspa
_cBNPHU
082 _a972.93053
_bG166t
100 1 _aGallegos, Gerardo
_916179
245 1 0 _aTrujillo en la historia :
_bventicinco años en la ruta de un glorioso destino /
_cGerardo Gallegos.
260 _aCiudad Trujillo, República Dominicana :
_bDel Caribe,
_c1956.
300 _a311 p. :
_bil., retrs. ;
_c23 cm.
500 _aIncluye referencias bibliográficas y notas al pie de las páginas.
590 _aInventariado, 2019/MFF
600 1 0 _aTrujillo Molina, Rafael Leónidas,
_d1891-1961
_xMuerte
_910869
651 4 _aRepública Dominicana
_xPolítica Y Gobierno
_yERA DE TRUJILLO, 1930-1961
_91374
910 _aValidado. Control de calidad EMS.
999 _c26674
_d26674